Relevante busser 2024 (Dekknavn) - Statistics

General Stats
  • This quiz has been taken 829 times
  • The average score is 12 of 14
Answer Stats
Hint Answer % Correct
Ohg A Madrugada
96%
Eikeli A Piruss
96%
Stabekk A Pikenes Jens
94%
Nesbru A Stag
93%
Blindern A Hello Kitty
92%
Nesbru B Jets
89%
Ohg B Blessed
86%
Nb A Superstud
86%
Eikeli B Shaguar
84%
Blindern B Offpissed
80%
Stabekk B Kaimenn
76%
Ullern A Hoelander
74%
Ullern B Mannschaft
74%
Nb B Vanguard
69%
No matching quizzes found
Score Distribution
Percent of People with Each Score
Percentile by Number Answered
Your Score History
You have not taken this quiz